Statystyki dla skróty klawiszowe #1

Kliknij tutaj aby rozwiązać quiz!

Ogólne statystyki

  • Ten quiz został rozwiązany 18 razy
  • Średni wynik to 2 z 6

Statystyki odpowiedzi

Skrót
klawiszowy
Co on
robi
% Poprawnych
Ctrl + X -->Wytnij
85%
Ctrl + A -->Zaznacz
wszystko
46%
Ctrl + Z -->Cofnij
38%
Ctrl + C -->Kopiować
31%
Ctrl + V -->Wkleić
23%
Ctrl + Y -->Ponów
0%

Rozkład punktacji

Percentyl według liczby udzielonych odpowiedzi

Procent ludzi z każdym wynikiem

Twoja historia wyników

Nie rozwiązałeś tego quizu